[Event "Challenge"]
[Site "http://www.queenalice.com/game.php?id=1414818"]
[Date "2016.3.24"]
[Round "-"]
[White "pulrich"]
[Black "masam2014"]
[Result "1-0"]
[WhiteElo "1841"]
[BlackElo "1596"]

1. Nf3 g6 2. e4 Bg7 3. d4 d6 4. d5 Nf6 5. Bd3 O-O 6. O-O e6 7. c4 Re8 8. Nc3
exd5 9. exd5 Nbd7 10. b4 Nxd5 11. Nxd5 Bxa1 12. Bg5 f6 13. Bh6 Be5 14. Nxe5 1-0

[Event "Challenge"]
[Site "http://www.queenalice.com/game.php?id=1426693"]
[Date "2016.6.7"]
[Round "-"]
[White "MADMIKE"]
[Black "pulrich"]
[Result "1-0"]
[WhiteElo "1900"]
[BlackElo "1847"]

1. d4 d5 2. Nc3 Nf6 3. h3 h5 4. Nf3 Ne4 5. Nxe4 dxe4 6. Ng1 f5 7. e3 Be6 8. c4
c6 9. Be2 g6 10. f3 Qd6 11. c5 Qg3+ 12. Kf1 Nd7 13. Bd2 a5 14. Be1 Qc7 15. f4 b5
16. h4 b4 17. b3 Nf6 18. Nh3 Ng4 19. Bd2 Bg7 20. Ng5 Kd7 21. Kg1 Bf6 22. Nxe6
Kxe6 23. Bc4+ Kd7 24. Rc1 e6 25. Ra1 Ra7 26. a3 Rha8 27. axb4 a4 28. bxa4 Qb8
29. a5 Bd8 30. g3 Ke7 31. Kg2 Kf7 32. Qe2 Kf6 33. Bc3 Kf7 34. Rhb1 Bf6 35. b5
cxb5 36. Rxb5 Qc7 37. Rb6 Re8 38. a6 Qc8 39. Qd2 Kf8 40. c6 Qc7 41. Rb7 1-0

[Event "Challenge"]
[Site "http://www.queenalice.com/game.php?id=1426694"]
[Date "2016.6.7"]
[Round "-"]
[White "pulrich"]
[Black "MADMIKE"]
[Result "0-1"]
[WhiteElo "1847"]
[BlackElo "2008"]

1. e4 e5 2. Nf3 d6 3. c3 a6 4. d4 Be7 5. d5 h6 6. b4 b5 7. a4 bxa4 8. Rxa4 Bd7
9. Ra2 Nf6 10. Bd3 O-O 11. O-O c6 12. dxc6 Bxc6 13. Re1 d5 14. exd5 Bxd5 15.
Rae2 e4 16. Bxe4 Bxe4 17. Rxe4 Qxd1 18. Rxd1 Nxe4 19. h4 Nc6 20. Rd7 Bf6 21. Bb2
Rad8 22. Rxd8 Rxd8 23. Na3 Nd2 24. Nxd2 Rxd2 25. Nc4 Rd1+ 26. Kh2 Bxh4 27. g3
Bf6 28. f4 Re1 29. Kg2 Ne7 30. Kf2 Rd1 31. g4 Nd5 32. Kf3 Bxc3 33. Bxc3 Nxc3 34.
Ne3 Rb1 35. Nc2 Nd5 36. f5 Nxb4 37. Nxb4 Rxb4 38. f6 gxf6 39. g5 fxg5 40. Ke2 g4
41. Kf2 Rb3 0-1

[Event "AUTO-ADV-3538"]
[Site "http://www.queenalice.com/game.php?id=1431115"]
[Date "2016.7.10"]
[Round "3"]
[White "Gera"]
[Black "pulrich"]
[Result "1-0"]
[WhiteElo "2017"]
[BlackElo "1802"]

1. e4 e5 2. Nf3 f6 3. d4 exd4 4. Nxd4 c5 5. Nb5 a6 6. Nd6+ Bxd6 7. Qxd6 Qe7 8.
Qd5 Nc6 9. c3 b5 10. Bf4 c4 11. Nd2 g5 12. Bd6 Qe6 13. Be2 h5 14. h3 Bb7 15. Qc5
Ne5 16. O-O Nd3 17. Bxd3 cxd3 18. Rfe1 Rc8 19. Qd4 Ne7 20. Bxe7 Qxe7 21. e5 O-O
22. exf6 Qxf6 23. Qxf6 Rxf6 24. Ne4 Bxe4 25. Rxe4 Rc4 26. Re3 Rcf4 27. f3 g4 28.
hxg4 hxg4 29. Kf2 d2 30. Rd1 Rd6 31. Re2 gxf3 32. gxf3 Rdf6 33. Re3 Rh4 34. Rxd2
Rh2+ 35. Ke1 Rh1+ 36. Ke2 d6 37. Kd3 Kf7 38. Kd4 Rf5 39. a3 d5 40. Red3 Rh4+ 41.
Ke3 Ke6 42. Rd4 Rh3 43. Rf4 Rxf4 44. Kxf4 Rh5 45. Kg4 Rf5 46. f4 a5 47. b3 Rf7
48. Rd4 Rc7 49. Rd3 Rg7+ 50. Kf3 Rh7 51. Re3+ Kd6 52. Kg4 Re7 53. Rxe7 Kxe7 54.
f5 Kf6 55. Kf4 a4 56. b4 Ke7 57. Ke5 Kf7 58. f6 Kg6 59. Ke6 1-0

[Event "AUTO-ADV-3538"]
[Site "http://www.queenalice.com/game.php?id=1431116"]
[Date "2016.7.10"]
[Round "3"]
[White "pulrich"]
[Black "Gera"]
[Result "0-1"]
[WhiteElo "1808"]
[BlackElo "2057"]

1. e4 g6 2. e5 Bg7 3. d4 d6 4. f4 Bf5 5. Bd3 Bxd3 6. Qxd3 e6 7. Nf3 Ne7 8. Nc3
O-O 9. g4 Nbc6 10. a3 Qd7 11. b4 Rad8 12. Be3 Qc8 13. O-O-O dxe5 14. fxe5 Nxe5
15. Nxe5 Bxe5 16. Qb5 Bg7 17. Qc5 b6 18. Qxe7 f6 19. Nb5 Rf7 20. Nxa7 Rxe7 21.
Nxc8 Rxc8 22. c4 Ra8 23. Kb2 f5 24. g5 c5 25. Kb3 cxb4 26. a4 Rc7 27. Kxb4 Bf8+
28. Kb5 Rb7 29. h4 Ra5+ 30. Kc6 Rb8 31. Kc7 Rba8 32. Kxb6 Rxa4 33. Kb5 Ra3 34.
Bf4 Rb3+ 35. Kc6 Kf7 36. d5 exd5 37. cxd5 Rc8+ 38. Kd7 Rbc3 39. d6 Rb8 40. Rhe1
Rb7+ 41. Kd8 Rc4 42. Rf1 Re4 43. d7 Rc4 44. Rc1 Be7# 0-1

[Event "AUTO-ADV-3538"]
[Site "http://www.queenalice.com/game.php?id=1431117"]
[Date "2016.7.10"]
[Round "3"]
[White "jlpbarreto"]
[Black "pulrich"]
[Result "1-0"]
[WhiteElo "1922"]
[BlackElo "1820"]

1. e4 e5 2. Nf3 f6 3. Bc4 c6 4. d4 exd4 5. Qxd4 Ne7 6. e5 fxe5 7. Qxe5 d6 8. Qe2
d5 9. Bb3 a5 10. O-O a4 11. Bxa4 Rxa4 12. Nc3 Rc4 13. Bg5 h6 14. Bh4 g5 15. Bg3
Bf5 16. Qe5 Rh7 17. Qxb8 Qxb8 18. Bxb8 Bxc2 19. Rfe1 Kd7 20. Ne5+ Kc8 21. Nxc4
Kxb8 22. Na3 Bf5 23. Re5 Kc7 24. Rae1 Kd6 25. f3 Bg7 26. Rxe7 Bd4+ 27. R7e3
Bxe3+ 28. Rxe3 d4 29. Ne4+ Kc7 30. Re1 b5 31. Nb1 Re7 32. Nbd2 Kb6 33. a3 h5 34.
Kf2 g4 35. f4 h4 36. g3 h3 37. Ng5 Rd7 38. Re5 Rd5 39. Rxd5 cxd5 40. b4 d3 41.
Nf7 Kc6 42. Ne5+ Kd6 43. Ke3 Kc7 44. Nb3 Kd6 45. Nd4 1-0

[Event "AUTO-ADV-3538"]
[Site "http://www.queenalice.com/game.php?id=1431118"]
[Date "2016.7.10"]
[Round "3"]
[White "pulrich"]
[Black "jlpbarreto"]
[Result "0-1"]
[WhiteElo "1833"]
[BlackElo "1919"]

1. e4 e5 2. Nf3 Nc6 3. c3 Nf6 4. Bc4 Bc5 5. O-O O-O 6. b4 Be7 7. d3 h6 8. b5 Na5
9. Nxe5 d6 10. Nxf7 Rxf7 11. Bxf7+ Kxf7 12. Bf4 b6 13. Re1 Bd7 14. a4 Kg8 15.
Re3 Bg4 16. Qe1 Nb3 17. Ra2 Be6 18. Rg3 Kh7 19. e5 dxe5 20. Qxe5 Bd6 21. Qxe6
Bxf4 22. Qf5+ Kh8 23. Qxf4 Nh5 24. Qf3 Nxg3 25. Qxg3 Qe7 26. Qe3 Qf7 27. c4 Re8
28. Nc3 Rxe3 29. fxe3 Nc5 30. Rf2 Qe7 31. Nd5 Qd7 32. d4 Ne4 33. Rf8+ Kh7 34.
Ra8 Qf7 35. h3 Qf2+ 36. Kh2 h5 37. Rxa7 h4 38. Rxc7 Qg3+ 39. Kg1 Qe1+ 40. Kh2
Ng3 41. Rxg7+ Kxg7 42. Nxb6 Qh1# 0-1

[Event "Let's Play Chess!"]
[Site "http://www.queenalice.com/game.php?id=1649452"]
[Date "2021.4.13"]
[Round "-"]
[White "igorjava"]
[Black "pulrich"]
[Result "0-1"]
[WhiteElo "2021"]
[BlackElo "1840"]

1. e4 c5 2. Nf3 Nc6 3. c3 e5 4. d3 Nf6 5. Bg5 Be7 6. Be2 O-O 7. O-O a5 8. a4 Qb6
9. b3 d6 10. Nbd2 Be6 11. Rb1 h6 12. Be3 Ng4 13. Nc4 Qa7 14. h3 Nxe3 15. Nxe3
Rad8 16. c4 Nb4 17. Ne1 Bg5 18. Nf3 Bxe3 19. fxe3 b6 20. Nh4 Na2 21. Qd2 Nb4 22.
Nf5 Bxf5 23. Rxf5 g6 24. Rf6 Qe7 25. Rbf1 Kg7 26. Qd1 Qxf6 27. Rxf6 Kxf6 28. Qe1
g5 29. Qf2+ Kg7 30. Qf5 f6 31. g4 Rh8 32. Kg2 Nc6 33. Kg3 Ne7 34. Qf2 Ng6 35.
Qf5 Nh4 36. Qe6 Rhe8 37. Qd5 Ng6 38. Qc6 Rb8 39. Qxd6 Rb7 40. Qc6 Ree7 41. Bf3
Rec7 42. Qe6 Ne7 43. d4 Rc6 44. Qxc6 Nxc6 45. d5 Nb4 46. Be2 Nc2 47. Kf2 Kg6 48.
Bd1 Nb4 49. Be2 Na6 50. Kg3 Nc7 51. Bd1 Ne8 52. Be2 Ng7 53. Kg2 h5 54. Kg3 Rb8
55. Kg2 hxg4 56. hxg4 Rh8 57. Bf3 Rh4 58. Kg3 Ne8 59. Bg2 Nd6 60. Bf3 Rh8 61.
Bg2 b5 62. Bf1 bxa4 63. bxa4 Nxe4+ 64. Kg2 Nc3 65. Bd3+ Kf7 66. Bc2 Rb8 67. Kf3
Rb2 68. Bf5 Nxa4 69. d6 Rb8 70. Be6+ Ke8 71. Ke4 Nb6 72. Kf5 a4 73. Kxf6 a3 74.
Kxg5 a2 0-1

[Event "Let's Play Chess!"]
[Site "http://www.queenalice.com/game.php?id=1760954"]
[Date "2021.5.30"]
[Round "-"]
[White "pulrich"]
[Black "igorjava"]
[Result "0-1"]
[WhiteElo "1774"]
[BlackElo "2051"]

1. e4 c5 2. e5 e6 3. c3 d5 4. d4 c4 5. Be2 b5 6. Nf3 Bd7 7. O-O Ne7 8. Bg5 h6 9.
Bxe7 Bxe7 10. b3 Nc6 11. bxc4 bxc4 12. a4 O-O 13. Na3 a6 14. Rb1 Bxa3 15. g3 Be7
16. h4 Na5 17. Ra1 Nb3 18. Ra2 Qe8 19. a5 Bd8 20. Qc2 Bxa5 21. Nd2 Nxd2 22. Rd1
Nb3 23. Kg2 Bd8 24. Ra3 Be7 25. Rh1 Bxa3 26. Bd1 Qe7 27. Qe2 a5 28. f4 g6 29. h5
g5 30. Qe3 f6 31. g4 Bc1 32. Qf2 Bxf4 33. Bxb3 cxb3 34. Qe2 fxe5 35. dxe5 a4 36.
c4 Bc6 37. Kf2 Qc5+ 38. Kf3 dxc4+ 0-1

[Event "Let's Play Chess!"]
[Site "http://www.queenalice.com/game.php?id=1761630"]
[Date "2021.6.8"]
[Round "-"]
[White "charles31"]
[Black "pulrich"]
[Result "0-1"]
[WhiteElo "1791"]
[BlackElo "1825"]

1. e4 c5 2. Nc3 Nc6 3. Nf3 g6 4. h3 Bg7 5. Bc4 e6 6. d3 Nge7 7. Bg5 O-O 8. Qd2
f6 9. Bh6 d5 10. Bxg7 Kxg7 11. Bb5 a6 12. Ba4 b5 13. Bxb5 axb5 14. Nxb5 Ra5 15.
Nc3 d4 16. Ne2 f5 17. exf5 Rxf5 18. h4 Qb6 19. Ng5 Qb4 20. c3 dxc3 21. Nxc3 Qg4
22. g3 Nd4 23. f3 Qxg3+ 24. Qf2 Nc2+ 25. Ke2 Qxf2+ 26. Kxf2 Nxa1 27. Rxa1 h6 28.
Nge4 e5 29. Nd6 Rf4 30. Kg3 Ra6 31. Nce4 Be6 32. Nc4 Nf5+ 33. Kf2 Rc6 34. Nxe5
Rc7 35. Ng3 Nxh4 36. Rc1 Kf6 37. Nc4 Rxf3+ 38. Ke2 Rxg3 39. Rf1+ Kg7 40. Nd6
Bg4+ 41. Kd2 Re7 42. a4 Rd7 43. Ne4 Rgxd3+ 44. Kc2 c4 45. Rf2 Bd1+ 46. Kb1 Bxa4
47. Nc5 Rd1+ 48. Ka2 Ra7 49. Ka3 Bc6+ 50. Kb4 Rc1 51. Rf4 Nf5 52. Rxc4 Rb1 53.
b3 Ra8 54. Ne6+ Kf7 55. Rxc6 Rb8+ 56. Ka4 Ra1# 0-1

[Event "AUTO-ADV-4509"]
[Site "http://www.queenalice.com/game.php?id=1762015"]
[Date "2021.6.12"]
[Round "1"]
[White "Nille"]
[Black "pulrich"]
[Result "1-0"]
[WhiteElo "1864"]
[BlackElo "1829"]

1. e4 c5 2. Nf3 d6 3. Be2 Nf6 4. Nc3 e5 5. h3 Be7 6. d3 O-O 7. O-O Nc6 8. a3 a5
9. Na2 a4 10. c4 Nd4 11. Nxd4 cxd4 12. Nb4 Ra5 13. Bd2 Rc5 14. Qxa4 Bd7 15. Qc2
Qc8 16. Kh2 b5 17. b3 Qa8 18. Bg5 h6 19. Bxf6 Bxf6 20. Nd5 Bg5 21. Nb6 Qb7 22.
Nxd7 Qxd7 23. b4 Rc6 24. Bg4 Qc7 25. Be2 g6 26. Qb3 Rb8 27. cxb5 Rxb5 28. a4 Rb8
29. a5 Rc2 30. Bf3 Rc3 31. Qb1 Rc8 32. Be2 Rc1 33. Qa2 Rc2 34. Qb3 Bc1 35. Bg4
Bb2 36. Bxc8 Bxa1 37. Rxa1 Qxc8 38. f3 Rc3 39. Qd1 f5 40. Qd2 Rc2 41. Qxh6 Qe8
42. b5 Rc3 43. exf5 gxf5 44. Qxd6 Kf7 45. b6 Rxd3 46. Qc7+ Ke6 47. b7 Rb3 48.
Qc8+ Ke7 49. a6 d3 50. a7 d2 51. Qxe8+ Kf6 52. b8=Q d1=Q 53. Rxd1 Rxb8 54.
axb8=Q e4 55. Qbe5+ 1-0

[Event "AUTO-ADV-4509"]
[Site "http://www.queenalice.com/game.php?id=1762016"]
[Date "2021.6.12"]
[Round "1"]
[White "pulrich"]
[Black "Nille"]
[Result "0-1"]
[WhiteElo "1797"]
[BlackElo "1883"]

1. e4 e5 2. Nf3 d6 3. g3 Nf6 4. d3 h6 5. Be3 Nc6 6. Bg2 Be7 7. c4 a6 8. a3 Bd7
9. b4 O-O 10. Nc3 Na7 11. O-O c5 12. Na4 Bxa4 13. Qxa4 Nc6 14. b5 axb5 15. Qc2
b4 16. Qb3 bxa3 17. Rxa3 Rxa3 18. Qxa3 Nb4 19. Rd1 Nc2 20. Qa7 Nxe3 21. fxe3 Qa8
22. Ra1 Qxa7 23. Rxa7 Rb8 24. Nd2 Kf8 25. Nb3 Ng4 26. Na5 Nxe3 27. Nxb7 Nxg2 28.
Kxg2 g5 29. Na5 Bf6 30. Nc6 Rb3 31. Rd7 Rxd3 32. Nb4 cxb4 33. Kf2 Rd4 34. Ke3
Rxc4 35. Rxd6 Rc3+ 36. Kd2 Kg7 37. Rb6 Rf3 38. Rxb4 Rf2+ 39. Ke3 Rxh2 40. Kf3 h5
41. g4 Rh3+ 42. Kg2 hxg4 43. Rc4 Re3 44. Kf2 Rd3 45. Ke2 Rd4 46. Rxd4 exd4 47.
Kd3 g3 48. Ke2 Be5 49. Kf3 Kh6 50. Ke2 Kh5 51. Kf1 Kg4 52. Kg2 Kf4 53. Kg1 Kf3
54. Kf1 d3 55. Ke1 g2 0-1

[Event "AUTO-ADV-4509"]
[Site "http://www.queenalice.com/game.php?id=1762029"]
[Date "2021.6.12"]
[Round "1"]
[White "CERVERO"]
[Black "pulrich"]
[Result "0-1"]
[WhiteElo "1777"]
[BlackElo "1810"]

1. d4 f5 2. Nf3 e6 3. Bg5 Be7 4. Bd2 Nc6 5. c4 Nf6 6. e3 O-O 7. a3 a5 8. Nc3 b6
9. Bd3 Ng4 10. h3 Nh6 11. Nb5 Ba6 12. Nc3 Bf6 13. Nb5 e5 14. dxe5 Nxe5 15. Nxe5
Bxe5 16. Rb1 c6 17. Nd4 c5 18. Nf3 Bb7 19. Nxe5 Bxg2 20. Rh2 Bb7 21. Bf1 d6 22.
Nf3 Qe7 23. Bg2 Rf6 24. Nh4 a4 25. e4 fxe4 26. Bg5 Qe5 27. Bxf6 Qxh2 28. Bg5 Nf5
29. Nxf5 Qxg2 30. Be3 Qxh3 31. Ng3 Qg2 32. Kd2 d5 33. Qh5 d4 34. Bxd4 cxd4 35.
Nxe4 Bxe4 36. Qh4 Bxb1 0-1

[Event "AUTO-ADV-4509"]
[Site "http://www.queenalice.com/game.php?id=1762030"]
[Date "2021.6.12"]
[Round "1"]
[White "pulrich"]
[Black "CERVERO"]
[Result "1-0"]
[WhiteElo "1795"]
[BlackElo "1779"]

1. e4 c5 2. e5 d6 3. Nf3 Bg4 4. h3 Bh5 5. g4 Bg6 6. Nc3 e6 7. a3 d5 8. Bb5+ Nd7
9. d3 a6 10. Bxd7+ Qxd7 11. b3 Ne7 12. Na4 Rc8 13. c4 b5 14. Nb6 Qc6 15. Nxc8
Nxc8 16. Bg5 h6 17. Bh4 dxc4 18. dxc4 Be4 19. Qd8# 1-0

[Event "AUTO-ADV-4509"]
[Site "http://www.queenalice.com/game.php?id=1762039"]
[Date "2021.6.12"]
[Round "1"]
[White "pulrich"]
[Black "maurice91"]
[Result "0-1"]
[WhiteElo "1784"]
[BlackElo "1927"]

1. e4 c6 2. e5 d5 3. d4 c5 4. c4 e6 5. Nf3 Nc6 6. Qa4 Bd7 7. Qb3 b6 8. cxd5 Nxd4
9. Nxd4 cxd4 10. d6 f5 11. Qd3 Rc8 12. Bd2 Rc5 13. Qxd4 Rd5 14. Qf4 h6 15. Bc4
Rc5 16. b3 b5 17. Bb4 Rc8 18. Be2 a5 19. Bd2 g5 20. Qd4 Bg7 21. O-O Ne7 22. Nc3
b4 23. Nb5 Nd5 24. Na7 Rc2 25. Bd1 Rc7 26. Bf3 Rxa7 27. Qxa7 Bxe5 28. Rac1 Bxd6
29. Bxd5 exd5 30. Rfe1+ Kf7 31. Rc2 Rf8 32. Qb7 Kg7 33. Qxd5 Be7 34. Qb7 Rf7 35.
Rc7 Bf6 36. Qa7 Be8 37. Rxf7+ Bxf7 38. Qe3 Qd7 39. Bc1 f4 40. Qc5 Bc3 41. Rf1
Qd8 42. h3 Qa8 43. f3 Qa6 44. a4 Bxb3 45. Qe7+ Bf7 46. Rd1 Qc4 47. Rd8 Bf6 48.
Qf8+ Kg6 49. Rc8 Qd4+ 50. Kh2 Qf2 51. Qc5 Bd4 52. Qc2+ Qxc2 53. Rxc2 Bb3 54.
Rc6+ Kh5 55. Ra6 Bxa4 56. Rxa5 Bc2 57. Rd5 Bc3 58. Rc5 Bg6 59. g4+ fxg3+ 60.
Kxg3 Be1+ 61. Kg2 b3 62. Bb2 Bc2 63. Rc4 Kg6 64. Kf1 Bg3 65. Ke2 h5 66. Rc6+ Kf5
67. Ke3 Bf4+ 68. Kd4 Be5+ 69. Ke3 Bxb2 70. Rc5+ Be5 71. Kd2 Kf4 72. Ke2 b2 73.
Rb5 b1=Q 74. Rxb1 Bxb1 75. Kf2 Bf5 76. h4 gxh4 77. Kg2 Ke3 0-1

[Event "AUTO-ADV-4509"]
[Site "http://www.queenalice.com/game.php?id=1762040"]
[Date "2021.6.12"]
[Round "1"]
[White "maurice91"]
[Black "pulrich"]
[Result "1-0"]
[WhiteElo "1898"]
[BlackElo "1863"]

1. d4 d6 2. e4 g6 3. Bd3 Bg7 4. Ne2 Nf6 5. O-O Nc6 6. c4 Nb4 7. Nbc3 Nxd3 8.
Qxd3 b6 9. Bg5 Bb7 10. f3 c5 11. d5 h6 12. Be3 a5 13. a4 O-O 14. Rfe1 Nh5 15.
Rac1 e5 16. Qd2 g5 17. g3 f5 18. Qc2 Qd7 19. Qd1 Qf7 20. Rf1 fxe4 21. fxe4 Qd7
22. Qb3 Qd8 23. g4 Nf6 24. Qc2 Nxg4 25. Qd2 Qe8 26. Nb5 Qh5 27. Ng3 Rfc8 28.
Nxh5 Rf8 29. Nxg7 Kxg7 30. Rxf8 Rxf8 31. Nxd6 Ba6 32. Nf5+ Kg6 33. b3 Bc8 34.
Rf1 Kh5 35. Ng7+ Kg6 36. Rxf8 Kxg7 37. Rxc8 Kg6 38. Rc6+ Kh5 39. Rxb6 Kh4 40. d6
Nf6 41. Qf2+ Kh5 42. Qxf6 Kh4 43. Qxh6+ Kg4 44. Qf6 Kh3 45. d7 g4 46. Qh6# 1-0

[Event "Challenge"]
[Site "http://www.queenalice.com/game.php?id=1762721"]
[Date "2021.6.22"]
[Round "-"]
[White "MADMIKE"]
[Black "pulrich"]
[Result "1-0"]
[WhiteElo "1782"]
[BlackElo "1848"]

1. d4 Nf6 2. d5 e6 3. dxe6 fxe6 4. a3 d5 5. e3 e5 6. Be2 e4 7. Nc3 c5 8. Bb5+
Nc6 9. Nge2 d4 10. exd4 cxd4 11. Nxd4 Bd7 12. Bxc6 bxc6 13. O-O Bc5 14. Nb3 O-O
15. Nxc5 Bg4 16. Qe1 Re8 17. N5xe4 Bf5 18. f3 Nxe4 19. fxe4 Bg6 20. Bf4 Qd4+ 21.
Kh1 Bxe4 22. Nxe4 Rxe4 23. Qc1 Rf8 24. c3 Qc4 25. g3 Qd5 26. Kg1 Re2 27. Rf2 Qc5
28. Qf1 Rxb2 29. h4 Qxc3 30. Rxb2 Qxb2 31. Qc4+ Rf7 32. Re1 g6 33. Re8+ Kg7 34.
Be5+ Qxe5 35. Rxe5 Rf5 36. Rxf5 gxf5 37. Qxc6 h5 38. a4 a5 39. Qa6 f4 40. gxf4
1-0

[Event "Challenge"]
[Site "http://www.queenalice.com/game.php?id=1762722"]
[Date "2021.6.22"]
[Round "-"]
[White "pulrich"]
[Black "MADMIKE"]
[Result "0-1"]
[WhiteElo "1814"]
[BlackElo "1786"]

1. e4 e5 2. Nf3 d6 3. Nc3 h6 4. Bb5+ c6 5. Ba4 Nf6 6. O-O Be7 7. d4 exd4 8. Nxd4
O-O 9. f4 b5 10. Bb3 a6 11. f5 c5 12. Nf3 c4 13. Nd5 cxb3 14. axb3 Nxe4 15. c4
bxc4 16. bxc4 Bxf5 17. Nd4 Be6 18. Qb3 Nc5 19. Qe3 Bxd5 20. cxd5 Bg5 21. Qg3 Ne4
22. Qh3 Qb6 23. Ra4 Bf6 24. Rd1 Re8 25. b3 Ra7 26. Be3 Bxd4 27. Bxd4 Nc5 28. b4
Qb5 29. Rda1 Nxa4 30. Bxa7 Nd7 31. Qg4 Nf6 32. Qd1 Nc3 33. Qf3 Ncxd5 34. Qg3
Nxb4 35. Bd4 Nbd5 36. h4 Qb4 37. Bxf6 Nxf6 38. Rxa6 Ne4 39. Qf4 d5 40. g4 f6 41.
Kg2 Rc8 42. Kg1 Qe1+ 43. Qf1 Qxh4 44. Ra2 Qxg4+ 45. Rg2 Qd7 46. Kh2 Rc3 47. Ra2
Qg4 48. Ra8+ Kh7 49. Rd8 Qg3+ 0-1